[Event "North Carolina op"]
[Site "Charlotte"]
[Date "2018.11.18"]
[Round "5"]
[White "Rajagopal, Adharsh"]
[Black "Adams Iv, Thomas"]
[Result "1/2-1/2"]
[WhiteElo "1660"]
[BlackElo "1844"]
[PlyCount "137"]
[EventDate "2018.11.16"]
[EventType "swiss"]
[EventRounds "5"]
[EventCountry "USA"]
[SourceTitle "CBM 187 Extra"]
[Source "ChessBase"]
[SourceDate "2018.11.04"]
[SourceVersion "1"]
[SourceVersionDate "2018.11.04"]
[SourceQuality "1"]

1. d4 Nf6 2. c4 e6 3. Nf3 b6 4. g3 Ba6 5. Qc2 c6 6. Bg2 d5 7. b3 Be7 8. 0-0 0-0 9. Nbd2 Nbd7 10. Rd1 Rc8 11. e4 dxe4 12. Nxe4 Nxe4 13. Qxe4 b5 14. cxb5 cxb5 15. Ne5 Nf6 16. Qe1 Nd5 17. Bd2 Qd6 18. Rdc1 Rfd8 19. Ba5 Re8 20. Rxc8 Rxc8 21. Rc1 b4 22. Rxc8+ Bxc8 23. Nc4 Qd7 24. Qe5 Bf6 25. Qb8 Qb7 26. Qxb7 Bxb7 27. Ne3 Bxd4 28. Nxd5 exd5 29. Bxb4 f5 30. Kf1 Kf7 31. Bd2 Ba6+ 32. Ke1 Ke6 33. Be3 Bc3+ 34. Kd1 d4 35. Bd2 Bd3 36. Bxc3 dxc3 37. a4 Ke5 38. b4 Kd4 39. Bc6 Be4 40. Bb5 c2+ 41. Kd2 c1Q+ 42. Kxc1 Kc3 43. Bd7 Kxb4 44. h4 Kc3 45. a5 Kb4 46. a6 Kc3 47. Kd1 Bf3+ 48. Kc1 f4 49. gxf4 Kd3 50. Bf5+ Be4 51. Bg4 Kd4 52. Kd2 Bd3 53. Bc8 Bc4 54. f3 Bd3 55. Bb7 Bb5 56. Be4 Bxa6 57. Bxh7 Bb7 58. Ke2 a5 59. Bc2 Bc6 60. Kf2 a4 61. Bxa4 Bxa4 62. Kg3 Bd7 63. f5 Ke5 64. Kg4 Bxf5+ 65. Kg5 Bh7 66. f4+ Ke6 67. h5 Kf7 68. f5 Ke7 69. h6 1/2-1/2